Tréningové zaťaženie a interval odpočinku, základné kategórie herného tréningu vo futbale

Bibliographic Details
Main Author: Holienka, Miroslav, 1957- (Author)
Format: Article
Language:Slovak

MARC

LEADER 00000nab a2200000uu 4500
001 vtls010903070
003 SK-MaSNL
005 20260303142435.0
008 230222|1998 xo |||||||||||||||||slo|
015 |a SNBRB 
035 |a (urnnbn)urn:nbn:sk:snk:ar-a07pve 
035 |a (uuid)3cb02f9c-c852-4ac7-b06a-8d4f55747b07 
035 |a urn:nbn:sk:snk-ab8u6s 
040 |a SNKBUCL  |b slo  |c SNKBUCL  |e AACR2 
041 0 |a slo 
044 |a xo  |c SK 
100 1 |a Holienka, Miroslav,  |d 1957-  |4 aut  |9 85184 
245 1 0 |a Tréningové zaťaženie a interval odpočinku, základné kategórie herného tréningu vo futbale  |c Miroslav Holienka 
773 0 |t Acta Facultatis Educationis Physicae Universitatis Comenianae  |g Roč. 39, č. 39 (1998), s. 147-150 
954 |a odborná, vedecká literatúra pôvodná (slovenská)  |2 lita 
958 |a OND 
958 |a EUIPO 
958 |a article10 
999 |c 1982933  |d 1984863